| Registos Bibliográficos associados ao registo de autoridade |
|
Etiqueta de registo: 00000nkm 2200025 450 001 2276679 003 http://id.bnportugal.gov.pt/bib/catbnp/2276679 100 ## $a20260305f1990 m y0pory01030103ba 101 0# $apor 102 ## $aPT 200 1# $aDeixar Para Amanhã o que Podes Fazer Hoje? Dia Mundial da Floresta$bVisual gráfico]$fCorpo Nacional de Escutas$gDaniel Nascimento, Paulo Perre Viana, N.N. 210 #9 $a[S.l.]$cCorpo Nacional de Escutas,$d[1990] 215 ## $a1 cartaz$ccolor.$d65x47 cm 306 ## $aDatação em conformidade com as caracteristicas formais do documento 317 ## $aColeção Madeira Luís 702 #1 $aNascimento,$bDaniel$4410$31988033 702 #1 $aViana,$bPaulo Perre$4410$31989374 702 #1 $aN.,$bN.$4440$31989379 710 02 $aCorpo Nacional de Escutas$333513 801 #0 $aPT$bBN$gRPC 966 ## $lBN$mICONOG$sCT. 23459 A.$x3 971 ## $cCaticonografia5$d20260305 995 ## $aPRR2026
|
|
|